Music Quiz

Random Music or Album Quiz

Combination Lock: Albums of the '00s Quiz Stats

 Plays Quiz Updated Mar 16, 2020

Support Sporcle.
Go Orange.
Score 0/99 Timer 17:00
0 Plays Today
Combo # & Track Title Album (Enter combination) % Correct
51 - Poker Face'The Fame' - Lady Gaga
76.8%
13 - Paparazzi'The Fame' - Lady Gaga
76.8%
84 - Just Dance'The Fame' - Lady Gaga
76.8%
06 - Holiday'American Idiot' - Green Day
64.8%
70 - Boulevard of Broken Dreams'American Idiot' - Green Day
64.8%
63 - Wake Me Up When September Ends'American Idiot' - Green Day
64.8%
07 - If I Were A Boy'I Am... Sasha Fierce' - Beyoncé Knowles
61%
41 - Halo'I Am... Sasha Fierce' - Beyoncé Knowles
61%
89 - Single Ladies (Put A Ring On It)'I Am... Sasha Fierce' - Beyoncé Knowles
61%
59 - The Real Slim Shady'The Marshall Mathers LP' - Eminem
60.5%
95 - The Way I Am'The Marshall Mathers LP' - Eminem
60.5%
21 - Stan'The Marshall Mathers LP' - Eminem
60.5%
01 - Clocks'A Rush of Blood to the Head' - Coldplay
59.8%
60 - The Scientist'A Rush of Blood to the Head' - Coldplay
59.8%
82 - In My Place'A Rush of Blood to the Head' - Coldplay
59.8%
22 - Somebody Told Me'Hot Fuss' - The Killers
57.8%
47 - Mr. Brightside'Hot Fuss' - The Killers
57.8%
68 - All These Things That I've Done'Hot Fuss' - The Killers
57.8%
79 - Harder To Breathe'Songs About Jane' - Maroon 5
52.1%
20 - She Will Be Loved'Songs About Jane' - Maroon 5
52.1%
61 - This Love'Songs About Jane' - Maroon 5
52.1%
88 - Shut Up'Elephunk' - The Black Eyed Peas
44.8%
46 - Let's Get Retarded'Elephunk' - The Black Eyed Peas
44.8%
29 - Where Is the Love?'Elephunk' - The Black Eyed Peas
44.8%
02 - DARE'Demon Days' - Gorillaz
41.3%
75 - Dirty Harry'Demon Days' - Gorillaz
41.2%
40 - Feel Good Inc.'Demon Days' - Gorillaz
41.2%
78 - Ghettomusick'Speakerboxxx/The Love Below' - OutKast
39.4%
18 - Roses'Speakerboxxx/The Love Below' - OutKast
39.4%
42 - Hey Ya!'Speakerboxxx/The Love Below' - OutKast
39.4%
12 - My Love'Future Sex/Love Sounds' - Justin Timberlake
38.9%
99 - What Goes Around... Comes Around'Future Sex/Love Sounds' - Justin Timberlake
38.9%
53 - SexyBack'Future Sex/Love Sounds' - Justin Timberlake
38.9%
Combo # & Track Title Album (Enter combination) % Correct
24 - Supermassive Black Hole'Black Holes and Revelations' - Muse
38.8%
92 - Starlight'Black Holes and Revelations' - Muse
38.8%
44 - Knights of Cydonia'Black Holes and Revelations' - Muse
38.8%
72 - Burn'Confessions' - Usher
37.2%
31 - Yeah!'Confessions' - Usher
37.2%
36 - Confessions Part II'Confessions' - Usher
37.2%
10 - Kids'Oracular Spectacular' - MGMT
34.4%
76 - Electric Feel'Oracular Spectacular' - MGMT
34.4%
62 - Time To Pretend'Oracular Spectacular' - MGMT
34.4%
05 - Harder, Better, Faster, Stronger'Discovery' - Daft Punk
33.4%
37 - Digital Love'Discovery' - Daft Punk
33.4%
86 - One More Time'Discovery' - Daft Punk
33.4%
58 - The Hardest Button to Button'Elephant' - The White Stripes
32.2%
19 - Seven Nation Army'Elephant' - The White Stripes
32.2%
96 - There's No Home For You Here'Elephant' - The White Stripes
32.2%
25 - Tears Dry On Their Own'Back To Black' - Amy Winehouse
31.6%
66 - You Know I'm No Good'Back To Black' - Amy Winehouse
31.6%
87 - Rehab'Back To Black' - Amy Winehouse
31.6%
27 - Walk On'All That You Can't Leave Behind' - U2
31.2%
38 - Elevation'All That You Can't Leave Behind' - U2
31.2%
69 - Beautiful Day'All That You Can't Leave Behind' - U2
31.2%
15 - Please Don't Leave Me'Funhouse' - P!nk
29%
90 - Sober'Funhouse' - P!nk
29%
57 - So What'Funhouse' - P!nk
29%
98 - Welcome to the Black Parade'The Black Parade' - My Chemical Romance
28.5%
26 - Teenagers'The Black Parade' - My Chemical Romance
28.5%
39 - Famous Last Words'The Black Parade' - My Chemical Romance
28.5%
11 - Mardy Bum'Whatever People Say I Am, That's What I'm Not' - Arctic Monkeys
26.3%
65 - When the Sun Goes Down'Whatever People Say I Am, That's What I'm Not' - Arctic Monkeys
26.3%
80 - I Bet You Look Good On the Dancefloor'Whatever People Say I Am, That's What I'm Not' - Arctic Monkeys
26.3%
33 - Young Forever'The Blueprint 3' - Jay-Z
26.1%
52 - Run This Town'The Blueprint 3' - Jay-Z
26.1%
77 - Empire State of Mind'The Blueprint 3' - Jay-Z
26.1%
Combo # & Track Title Album (Enter combination) % Correct
54 - Slow Jamz'The College Dropout' - Kanye West
24.9%
67 - All Falls Down'The College Dropout' - Kanye West
24.9%
09 - Jesus Walks'The College Dropout' - Kanye West
24.9%
16 - Rebellion (Lies)'Funeral' - Arcade Fire
24.5%
97 - Wake Up'Funeral' - Arcade Fire
24.5%
48 - Neighbourhood #1 (Tunnels)'Funeral' - Arcade Fire
24.5%
04 - Hard to Explain'Is This It' - The Strokes
20.8%
45 - Last Nite'Is This It' - The Strokes
20.8%
91 - Someday'Is This It' - The Strokes
20.8%
23 - Soul Meets Body'Plans' - Death Cab For Cutie
20.6%
83 - I Will Follow You Into the Dark'Plans' - Death Cab For Cutie
20.6%
35 - Brothers On a Hotel Bed'Plans' - Death Cab For Cutie
20.6%
08 - Idioteque'Kid A' - Radiohead
18.7%
49 - Optimistic'Kid A' - Radiohead
18.7%
94 - The National Anthem'Kid A' - Radiohead
18.7%
03 - Gone Daddy Gone'St Elsewhere' - Gnarls Barkley
18.4%
55 - Smiley Faces'St Elsewhere' - Gnarls Barkley
18.4%
74 - Crazy'St Elsewhere' - Gnarls Barkley
18.4%
71 - Breaking Free'High School Musical Soundtrack' - High School Musical Cast
17.9%
28 - What I've Been Looking For'High School Musical Soundtrack' - High School Musical Cast
17.9%
64 - We're All In This Together'High School Musical Soundtrack' - High School Musical Cast
17.9%
30 - Y Control'Fever To Tell' - Yeah Yeah Yeahs
13.3%
50 - Pin'Fever To Tell' - Yeah Yeah Yeahs
13.3%
85 - Maps'Fever To Tell' - Yeah Yeah Yeahs
13.3%
32 - You Don't Know My Name'Diary Of Alicia Keys' - Alicia Keys
13%
43 - Karma'Diary Of Alicia Keys' - Alicia Keys
13%
81 - If I Ain't Got You'Diary Of Alicia Keys' - Alicia Keys
13%
14 - Paper Planes'Kala' - M.I.A.
12.5%
34 - Boyz'Kala' - M.I.A.
12.5%
73 - Come Around'Kala' - M.I.A.
12.5%
17 - Rollin' and Tumblin''Modern Times' - Bob Dylan
6.1%
56 - Someday Baby'Modern Times' - Bob Dylan
6.1%
93 - The Levee's Gonna Break'Modern Times' - Bob Dylan
6.1%

You're not logged in!

Compare scores with friends on all Sporcle quizzes.
OR
Log In

From the Vault

Top Active Premier League Goalscorers

by ChrisWreh

These players simply have a nose for a goal.
Remove Ads.
Support Sporcle.
Get the best of Sporcle when you Go Orange. This ad-free experience offers more features, more stats, and more fun while also helping to support Sporcle. Thank you for becoming a member.

Show Comments

Extras

Top Quizzes Today


Score Distribution

Your Account Isn't Verified!

In order to create a playlist on Sporcle, you need to verify the email address you used during registration. Go to your Sporcle Settings to finish the process.

Report this User

Report this user for behavior that violates our Community Guidelines.

Details: